000 nam a22 7a 4500
999 _c54762
_d54762
003 OSt
005 20220912150936.0
008 220804b xxu||||| |||| 00| 0 eng d
040 _cIIMT UNIVERSITY
100 _aSHARMA R.A.
245 _aTEACHER EDUCATION
260 _bEINTERNATIONAL PUB.
_cMEERUT
_a2006
300 _a507
942 _2ddc
_c09